Sports Quiz

Random Sports or Basketball Quiz

NBA: Who Said That? Quiz Stats

 Plays Quiz not verified by Sporcle

Also try: Pro Teams (1960s)
Challenge
Share
Tweet
Embed
Score 0/22 Timer 08:00
0 Plays Today
Quote Player % Correct
'Don't even put me and dude in the same breath.'Kobe Bryant
73.1%
But we talkin' bout practice, man. What are we talkin' bout? Practice? We talkin' bout practice man. We talk... We talkin' bout practice. We talkin' bout practice.'Allen Iverson
72.9%
'So, which one of you guys is going to come in second?'Larry Bird
53.8%
'I'm a big fan of the Nobel Peace Prize'Ron Artest
48.3%
'I'm sitting in the house loading up the pump, loading up the Uzi, I've got a couple of M -16s, a couple of 9s and a couple of joints with some silencers on them.'Kevin Garnett
45.4%
'I didn't want to be like some of these other guys to jump on another team's bandwagon just to get a ring. That's never been my style.'Reggie Miller
41.7%
Boston and Orlando never drafted me because they said I was too skinny and no European point guard will make it in the League.' Tony Parker
39.4%
'It feels good to be in the second round'Tracy McGrady
36.3%
'I'm hunting for little Mexican girls'Karl Malone
35.6%
'Both teams played hard.' Rasheed Wallace
33.1%
'I make love to pressure'Stephen Jackson
30.6%
Quote Player % Correct
'Winning is the best deodorant'Jason Kidd
28.8%
'Because they don't have four pointers'Antoine Walker
25.6%
'I thought LeBron James was just going to be another addition to help me score'Ricky Davis
25.6%
'Who wants to sex _________?'Dikembe Mutombo
20.8%
“There’s always going to be criticism when your name is _________. You have to wear a bulletproof vest and be ready for it.”Jalen Rose
19.8%
'When in doubt, shoot. That's how I look at it.' Stephon Marbury
14.4%
'I've had to overcome a lot of diversity.'Drew Gooden
5%
'When I watch NBA games, I think to myself, 'How will I look in the game there?' I expect to do something there. I don't want to be a donkey.'Darko Milicic
2.1%
'Left hand, right hand it doesn't matter, I'm amphibious.'Charles Shackleford
1.5%
'I forgive him. He's my teammate, he made a mistake, and I can't retaliate, trying to fight him or beat him up, because I'm on probation, so I would get in trouble.' Ruben Patterson
1.5%
'I want to put points on your face.'Rudy Fernandez
0.4%

You're not logged in!

Compare scores with friends on all Sporcle quizzes.
Join for Free
OR
Log In

You Might Also Like...

Show Comments

Extras

Top Quizzes Today


Score Distribution

Your Account Isn't Verified!

In order to create a playlist on Sporcle, you need to verify the email address you used during registration. Go to your Sporcle Settings to finish the process.

Report this User

Report this user for behavior that violates our Community Guidelines.

Details: